Name all the members in Kpop groups, boy edition Quiz Stats

 Plays Quiz not verified by Sporcle

Score 0/286 Timer 20:00
0 Plays Today
% Correct
Chen
98.9%
Kai
98.5%
Sehun
98.3%
Lay
98.3%
D.O
98.3%
Baekhyun
97.9%
Chanyeol
97.9%
Xiumin
97.7%
Jun
97.7%
Jun
97.7%
Suho
97.5%
Jin
96.6%
H.O
96.2%
Rap Monster
95.8%
Jackson
95.1%
Mark
95.1%
Suga
95.1%
Mark
95.1%
Jimin
94.7%
Jungkook
94.7%
JB
94.5%
Bam Bam
94.5%
J-Hope
94.5%
Youngjae
92.4%
Youngjae
92.4%
Leo
91.7%
Ravi
91.7%
G-Dragon
91.3%
Jae
90.9%
T.O.P
90.3%
Taemin
90.1%
Minhyuk
89.9%
Minhyuk
89.9%
Minhyuk
89.9%
Ken
89.6%
Hyuk
89.6%
Minho
89.2%
Key
89%
Taeyang
89%
Yugyeom
88.8%
Vernon
88.8%
Onew
88.6%
V
88.4%
Bobby
88.4%
Jinyoung
88.2%
N
88%
Hongbin
88%
Seungri
88%
Woozi
87.9%
Jonghyun
87.7%
Jonghyun
87.7%
Zico
87.1%
B.I
86.7%
Daesung
86.7%
JR
86.1%
S.Coups
85.2%
Dino
84.8%
The8
84.4%
Hoshi
83.9%
Heechul
83.9%
Heechul
83.9%
I.M
83.7%
Zelo
83.5%
L
83.5%
Taeil
82.9%
Taeil
82.9%
Joshua
82.7%
DK
82.5%
Wonwoo
81.2%
Jinyoung
81.2%
Sungkyu
81.2%
Mingyu
80.8%
Hoya
80.6%
Taecyeon
80.5%
Shownu
80.5%
P.O
80.1%
Mino
80.1%
Jun.K
79.9%
Jeonghan
79.9%
Junho
79.5%
Taehyun
79.5%
Leeteuk
78.9%
Ren
78.4%
Dongwoo
78%
Siwon
78%
Daehyun
77.8%
Yongguk
77.4%
Seungkwan
77%
B-Bomb
77%
Sungyeol
76.7%
Sungjae
76.5%
Himchan
76.1%
Niel
76.1%
U-Kwon
75.9%
Wonho
75.7%
Ilhoon
75.7%
% Correct
Baro
75.3%
Kihyun
75.3%
Jongup
74.8%
Junsu
74.8%
Jooheon
74.2%
Yoseob
74.2%
Rocky
73.6%
CNU
73.6%
Kyuhyun
73.6%
Kyung
73.2%
Ryeowook
73.2%
Nichkhun
73.1%
Jin Jin
73.1%
Woohyun
73.1%
Kevin
73.1%
Kevin
73.1%
Peniel
72.7%
Taeyong
72.7%
Donghae
72.3%
Shindong
71.9%
Yonghwa
71.7%
Hyungwon
71.5%
C.A.P
71.5%
Ten
71.5%
Eunhyuk
71.3%
Max Changmin
71.2%
Sungjong
71%
Gongchan
70.8%
Sandeul
70.6%
Wooyoung
70.2%
Sanha
70.2%
Junhoe
70.2%
Ricky
70.2%
Eunkwang
69.6%
Kangin
69.6%
MJ
69.3%
Yesung
69.3%
Moonbin
68.3%
Jinhwan
68.1%
L.Joe
68.1%
Chanwoo
67.9%
Jaehyo
67.6%
Eunwoo
67%
Sungmin
67%
WinWin
66.4%
Doojoon
66%
Jaejoong
66%
Chansung
65.8%
Yunho
65.5%
Aron
65.3%
Changsub
65.1%
Hong Ki
64.5%
Jaemin
64.5%
Chunji
64.1%
Donghyuk
63.8%
Changjo
63.6%
Gikwang
62.8%
Young.K
62.2%
Chenle
61.4%
Jungshin
61.1%
Hansol
61.1%
Jinwoo
61.1%
Baekho
60.9%
Hyunsik
60.7%
Eli
60.7%
Dongwoon
60.5%
Kwangmin
60.5%
Yuta
60.5%
Jisung
60.2%
Jaehyun
60.2%
Youngmin
59.8%
Minhyun
59.6%
Yoochun
58.8%
Minwoo
58.6%
Minwoo
58.6%
Wonpil
58.4%
Xiao
58.4%
Seunghoon
58.4%
Seungyoon
58.4%
A-Tom
58.3%
Xero
58.1%
Jeno
57.2%
B-Joo
56.9%
Doyoung
56.9%
Renjun
56%
Junhyung
55.2%
P-Goon
54.8%
Yunhyeong
54.8%
Wooshin
52.8%
Jenissi
52.4%
Bit-To
52%
Wei
51.8%
Kuhn
51.4%
Yano
51%
Haechan
50.5%
Nakta
50.1%
% Correct
Dowoon
49.5%
Kiseop
48.6%
Donghyun
48.4%
Jeongmin
48.2%
Jota
46.5%
Sungjin
45%
Sangdo
45%
Hwanhee
45%
Kwanghee
44.6%
Kogyeol
44.2%
Sunyoul
44.2%
Hojoon
43.6%
Jinhoo
43.3%
Hoon
43.3%
SimBa
41.6%
Prince Mak
41%
Hyungsik
39.8%
Gyujin
39.5%
Siwan
39.5%
Minhwan
39.1%
Jaejin
38.9%
Soohyun
38.1%
Yibo
38.1%
Inseong
38%
Seungjun
37.8%
Moos
37.2%
Kyungil
36.8%
Buffy
36.1%
Eddy
35.9%
Heejun
35.7%
Hyunseong
34.7%
Jihun
34.5%
Youjin
34.2%
Seunghyun
33.6%
E.co
33.6%
Jonghoon
30.6%
Insoo
30.1%
Dongjun
29%
Minsu
28.3%
Zica
28.3%
Seo Kang-Joon
28.3%
JunQ
27.1%
High Top
27.1%
Alex
26.4%
Gunwoo
25.9%
Kid Monster
25.6%
Jaeho
25.4%
Wenhan
25.4%
Suwoong
24.9%
Yixuan
24.7%
Yijeong
24.5%
Yul
24.5%
Lee Geon
23.5%
Sunwoo
23.5%
Sungjoo
23%
Daewon
22.8%
Chaejin
22.3%
Timoteo
22.2%
Onejunn
21.8%
Milo
21.8%
Ron
21.1%
Sungjun
20.3%
Kangmin
19.5%
Seungyoun
19.2%
Dokyun
18.8%
San-Cheon
18.8%
Seunghwan
18.8%
Kyle
18.8%
Seyong
18.7%
Z-UK
18.7%
Heo Jun
18.4%
Sihyoung
18%
Junhyuk
17.8%
Gong Myung
17.6%
Sungwoon
17.5%
Lee Tae-Hwan
17.1%
Lee Hoo
16.9%
Taeheon
16.7%
Minsung
15.9%
Hojeong
15.6%
Yoonsan
15%
Sunggu
14.8%
Kang Tae-Oh
14.6%
Yoo Il
14%
Myunghan
12.3%
Hyunkyu
12.1%
Youngjun
12%
Yunsung
11.6%
Hyunkyung
11.6%
Yoosung
10.2%
Chandong
7.4%
Jeongkyun
7.2%
Janghyun
6.6%
Hyunsuk
5.9%

You're not logged in!

Compare scores with friends on all Sporcle quizzes.
OR
Log In

Sporcle TV

Today on Sporcle TV


Watch our educational content, quiz creation guides, and fun videos on Sporcle TV.

Show Comments

Extras

Created Aug 15, 2016ReportNominate
Tags:Kpop Quiz, boy, edition, group

Top Quizzes Today


Score Distribution

Your Account Isn't Verified!

In order to create a playlist on Sporcle, you need to verify the email address you used during registration. Go to your Sporcle Settings to finish the process.

Report this User

Report this user for behavior that violates our Community Guidelines.

Details: